| 000 | 00675nam a2200145Ia 4500 | ||
|---|---|---|---|
| 008 | 220216s9999 xx 000 0 und d | ||
| 100 | _aSales E K | ||
| 245 | 0 | _aFunctional genomics and bioinformatics-assisted gene marker development for economically important traits in rubber | |
| 260 | _bSustainability of the NR Industry: Issues, Challenges & Opportunities: International Rubber Conference, 21-22 November 2016, Cambodian Rubber Research Institute (CRRI) and International Rubber Research and Development Board (IRRDB), Siem Reap, Cambodia, pp.301-309. | ||
| 650 | _aBioinformatics | ||
| 650 | _aGenomics | ||
| 650 | _aMarker-assisted | ||
| 650 | _aSSR | ||
| 942 | _cJS | ||
| 999 |
_c59629 _d59629 |
||